[Event "Belgrade-chT Quality"]
[Site "Belgrade"]
[Date "2011.10.16"]
[Round "2"]
[White "Milekic, Daniel"]
[Black "Popovic, Predrag V"]
[Result "1-0"]
[WhiteElo "2206"]
[BlackElo "2164"]
[PlyCount "84"]
[EventDate "2011.10.15"]
[EventType "team-swiss"]
[EventRounds "11"]
[EventCountry "SRB"]
[SourceTitle "EXT 2012"]
[Source "ChessBase"]
[SourceDate "2011.11.24"]
[SourceVersion "1"]
[SourceVersionDate "2011.11.24"]
[SourceQuality "1"]

1. d4 Nf6 2. c4 e6 3. Nc3 Bb4 4. Qc2 c5 5. dxc5 Na6 6. a3 Qa5 7. Bd2 Nxc5 8. b3 Bxc3 9. Bxc3 Qb6 10. b4 Nce4 11. c5 Qc7 12. Bb2 Qf4 13. Nh3 Qh4 14. g3 Qh5 15. f3 Ng5 16. Nf4 Qh6 17. h4 e5 18. hxg5 Qxg5 19. Nh3 Qxg3+ 20. Nf2 d5 21. cxd6 Be6 22. Qc3 Nd7 23. Qd3 f5 24. Rh3 Qg5 25. Rh2 0-0 26. Rg2 Qh4 27. f4 Qxf4 28. Qg3 Qxg3 29. Rxg3 g6 30. Nd3 f4 31. Rg5 e4 32. Nf2 e3 33. Ng4 Kf7 34. Bg2 Rfb8 35. Nh6+ Ke8 36. Rc1 Kd8 37. Rc7 Rc8 38. Rxc8+ Kxc8 39. Ng4 Bf5 40. Nh6 Be6 41. Bd5 Bh3 42. Ng4 b6 1-0

[Event "SRB-chT quality"]
[Site "Belgrade"]
[Date "2010.10.09"]
[Round "1"]
[White "Popovic, Predrag V"]
[Black "Petrovic, Petar"]
[Result "1/2-1/2"]
[WhiteElo "2156"]
[BlackElo "2084"]
[PlyCount "76"]
[EventDate "2010.10.09"]
[EventType "team-tourn"]
[EventRounds "11"]
[EventCountry "YUG"]
[SourceTitle "EXT 2011"]
[Source "ChessBase"]
[SourceDate "2010.11.26"]
[SourceVersion "1"]
[SourceVersionDate "2010.11.26"]
[SourceQuality "1"]

1. e4 d5 2. exd5 Nf6 3. d4 Nxd5 4. Nf3 Bg4 5. Be2 e6 6. 0-0 Be7 7. c4 Nb6 8. Nc3 c6 9. Be3 Bxf3 10. gxf3 0-0 11. Qb3 Qc7 12. Rfd1 N8d7 13. d5 Nc5 14. Qc2 cxd5 15. cxd5 exd5 16. Nxd5 Nxd5 17. Rxd5 Rac8 18. Rc1 b6 19. b4 Qb7 20. Qd1 Rcd8 21. Rxd8 Rxd8 22. Qc2 Ne6 23. a3 h6 24. Qc6 Qb8 25. Rc4 Bd6 26. Qe4 Bxh2+ 27. Kh1 Ng5 28. Qh4 Bd6 29. Bxg5 hxg5 30. Qxg5 Be5 31. Rg4 Qd6 32. Kg2 Bf6 33. Qh6 Qe6 34. Qf4 Rd4 35. Qb8+ Rd8 36. Qf4 Rd4 37. Qb8+ Rd8 38. Qf4 Rd4 1/2-1/2

[Event "Belgrade-chT Quality"]
[Site "Belgrade"]
[Date "2009.10.30"]
[Round "8"]
[White "Nikolic, Dragoslav"]
[Black "Popovic, Predrag V"]
[Result "1/2-1/2"]
[WhiteElo "2297"]
[BlackElo "2136"]
[PlyCount "31"]
[EventDate "2009.10.11"]
[EventType "team-tourn"]
[EventRounds "11"]
[EventCountry "YUG"]
[SourceTitle "CBM 133 Extra"]
[Source "ChessBase"]
[SourceDate "2010.01.05"]
[SourceVersion "1"]
[SourceVersionDate "2010.01.05"]
[SourceQuality "1"]

1. e4 c6 2. d3 d5 3. Nd2 e5 4. Ngf3 Bd6 5. d4 Bg4 6. dxe5 Bxe5 7. exd5 Qxd5 8. Be2 Bf6 9. 0-0 Ne7 10. h3 Bf5 11. c4 Qd7 12. Re1 h6 13. Nf1 Qxd1 14. Rxd1 Na6 15. Ng3 Bg6 16. Kh2 1/2-1/2

[Event "Belgrade-chT Quality"]
[Site "Belgrade"]
[Date "2009.10.17"]
[Round "2"]
[White "Popovic, Predrag V"]
[Black "Lalic, Mile"]
[Result "1-0"]
[WhiteElo "2136"]
[BlackElo "2080"]
[PlyCount "71"]
[EventDate "2009.10.11"]
[EventType "team-tourn"]
[EventRounds "11"]
[EventCountry "YUG"]
[SourceTitle "CBM 133 Extra"]
[Source "ChessBase"]
[SourceDate "2010.01.05"]
[SourceVersion "1"]
[SourceVersionDate "2010.01.05"]
[SourceQuality "1"]

1. e4 c6 2. d4 d5 3. e5 Bf5 4. Nf3 e6 5. Be2 c5 6. c3 cxd4 7. cxd4 Bxb1 8. Rxb1 Qa5+ 9. Bd2 Bb4 10. 0-0 Bxd2 11. Nxd2 Ne7 12. b4 Qb6 13. Qa4+ Nbc6 14. Nf3 0-0 15. b5 Na5 16. Qb4 Qd8 17. Rfc1 b6 18. Rc3 Qd7 19. Qd6 Qxd6 20. exd6 Nf5 21. d7 f6 22. Rbc1 Nd6 23. Rc6 Nab7 24. Rc7 Rfd8 25. Ne5 fxe5 26. dxe5 Nf7 27. Rxb7 Nxe5 28. Rc6 Nxd7 29. Rcc7 Nf6 30. Rxg7+ Kh8 31. Bd3 e5 32. Bxh7 e4 33. g4 Rab8 34. Rxa7 Ra8 35. Bf5 Rxa7 36. Rxa7 1-0